000 00437nam a2200157Ia 4500
008 160316s1993 xxu||||| |||| 00| 0 eng d
082 _a341.763000
_bCAS
100 _aCastles Stephen
245 _aThe age of migration : International population movements in the modern world
250 _a
260 _aLondon
_bMacmillan Publications
_c1993
300 _a306p
_b
_c
365 _bRs.869/03
650 _a
700 _aMiller Mark J
_a
999 _c12142
_d12142